Escritores de hispanoamérica : (Record no. 18658)

000 -CABECERA
fixed length control field 00834nam a22002057a 4500
003 - IDENTIFICADOR DEL NÚMERO DE CONTROL
control field AR-CdUCM
008 - DATOS DE LONGITUD FIJA--INFORMACIÓN GENERAL
fixed length control field 190507b ||||| |||| 00| 0 spa d
040 ## - FUENTE DE LA CATALOGACIÓN
Agencia/entidad que catalogó originalmente la obra MUNICIPALIDAD PROVINCIAL DEL CUSCO
Entidad que transcribió la catalogación BIBLIOTECA MUNICIPAL DEL CUSCO
082 ## - NÚMERO DE LA CLASIFICACIÓN DECIMAL DEWEY
No. de Clasificación 869.009 /
Notacion interna R17
No. de la edición 3ed
100 ## - ENTRADA PRINCIPAL--NOMBRE DE PERSONA
Nombre Personal Ragucci, Rodolfo M.
245 ## - MENCIÓN DE TÍTULO
Título Escritores de hispanoamérica :
Resto del título notas biográficas y criticas y antología anotada /
260 ## - PUBLICACIÓN, DISTRIBUCIÓN, ETC.
Lugar de publicación, distribución, etc. Buenos Aires :
Nombre de la editorial, distribuidor, etc. Huemul,
Fecha de publicación, distribución, etc. 1969..
300 ## - DESCRIPCIÓN FÍSICA
Nº de Páginas Extensión 428 páginas ;
Dimensiones 23 cm.
505 ## - NOTA DE CONTENIDO CON FORMATO
Nota de contenido formateada Contenido: Época colonial -- Época de la revolución e independencia -- Época de la vida nacional independiente --Época de la organización política...
650 ## - PUNTO DE ACCESO ADICIONAL DE MATERIA--TÉRMINO DE MATERIA
Descriptor Hispnoamérica
9 (RLIN) 36859
650 ## - PUNTO DE ACCESO ADICIONAL DE MATERIA--TÉRMINO DE MATERIA
Descriptor Escritores
9 (RLIN) 2284
650 ## - PUNTO DE ACCESO ADICIONAL DE MATERIA--TÉRMINO DE MATERIA
Descriptor Cronistas e historiadores
9 (RLIN) 36860
942 ## - ELEMENTOS DE PUNTO DE ACCESO ADICIONAL (KOHA)
Fuente de clasificación
Tipo de item Libros-BMC
945 ## - PROCESAMIENTO DE INFORMACIÓN LOCAL (OCLC)
Catalogador davv
AAAA-MM-DD - Fecha de ingreso o modificacion 2019-05-14
Holdings
Estado de retiro (separado) Fuente de clasificación o esquema de estanterías Estado dañado Ubicación Sala donde se ubica Nombre de la colección Fecha de adquisición o compra Costo, precio normal en soles Signatura topográfica Código de Barras Última vez visto (Koha) Tipo de ítem (Koha)
No     Sala Humanidades Sala Humanidades Book Cart 2019-05-14 50.00 869.009 / R17 SH0000013953 2019-05-14 Libros-BMC

Powered by Koha